000 00560nam a2200181Ia 4500
003 GCL
008 140319s9999 xx 000 0 ara d
040 _aGCL /
_cGCL
082 0 4 _a811.094
_bج ا
100 1 _aجرجس نسيم ناصيف
245 1 0 _aابوالقاسم الشابى : فى شعره /
_cجرجس نسيم ناصيف
260 _aبيروت :
_bدار الفكر اللبنانى ،
_c1993
300 _a168 ص ؛
_c24 سم
490 _a
650 0 4 _aالشعر العربى
650 0 4 _aدواوين وقصائد
942 _2ddc
_cBK
999 _c54389
_d54389